000 01401nam a2200361 a 4500
001 vtls000398055
003 NLI
005 20210603100655.0
008 110125s2009 xxk e 001 0 eng d
020 _a9780198184133
_c£78.00
039 9 _a201103252204
_bamitu
_c201102022220
_dsupriya_alio
_c201102022219
_dsupriya_alio
_y201101252228
_zamitu
040 _aNLI :
_beng
041 0 _aeng
044 _axxk
082 0 _a801.950941
_222
245 1 0 _aGrub Street and the Ivory Tower :
_bliterary journalism and literary scholarship from Fielding to the internet /
_cedited by Jeremy Treglown and Bridget Bennett
260 _aOxford :
_bClarendon Press,
_c2009
300 _axi, 292 p.;
_c23 cm.
504 _aIncludes bibliographical references and index
650 0 _aJournalism and literature
_zGreat Britain
_9582563
650 0 _aEnglishn literature
_xHistory and criticism
_9582564
650 0 _aJournalism
_zGreat Britain
_xHistory
_9309818
700 1 _aTreglown, Jeremy,
_4edt.
_9121640
700 1 _aBennett, Bridget,
_4edt.
_9582565
887 _aAmit Uraon
901 _a564460 :
_b10.01.2011
902 _aE 801.950941 G 92
904 _aAmit Uraon
942 _2ddc
_cBKS
949 _AVIRTUAITEM
_D10012
_X100
_6PUR000564460ENG
999 _aVIRTUA40
_c355331
_d355331
999 _aVTLSSORT0080*0200*0400*0410*0440*0820*2450*2600*3000*5040*6500*6502*6501*7000*7001*8520*9010*9020*9040*9992